Responses for Show #5338 - Wednesday, November 21, 2007

Contestants

[<< previous game]

Scott Chase, a designer from San Gabriel, California

Bob Black, a history teacher from Canandaigua, New York

Diane Sager, a college professor from Raytown, Missouri (whose 1-day cash winnings total $16,199)

[next game >>]

Jeopardy! Round responses

JUST SAY NOVEMBER
TV POP QUIZ
(Alex: We'll name a "pop", a father; you'll have to name the show.)
FOOD & DRINK
STATES & TERRITORIES OF AUSTRALIA
AIR
ENDS IN "U"
    $200 11
the ninth

Diane
    $200 2
Home Improvement

Scott
    $200 16
Colonel Sanders

Scott
    $200 21
(Diane: What is New Zealand?)

Antarctica

DianeScott
    $200 26
(Diane: What is smog?)

carbon monoxide

DianeScott
    $200 1
a bayou

Bob
    $400 12
May

Diane
    $400 3
7th Heaven

Diane
    $400 17
Italy

Diane
    $400 22
Canberra

Scott
    $400 27
[Scott responds without being called on.]
(Alex: You're right. I was so fascinated by watching the clip! [Laughter] It brought back memories of school. Tried to do it with a watermelon--tough!)

air pressure

Scott
    $400 7
a guru

Diane
    $600 13
(Scott: What is November 25?)

the fourth Thursday

BobScott
    $600 4
Two and a Half Men

Triple Stumper
    $600 18
(Diane: What is sugar?)

milk

DianeScott
    $600 23
New South Wales

Scott
    $600 28
(Bob: What is an atomizer?)

a humidifier

Bob
Triple Stumper
    $600 8
a trousseau

Diane
    $800 14
(Bob: What is Bethlehem?)

the Temple in Jerusalem

Bob
Triple Stumper
    $800 5
Family Ties

Diane
    $800 19
chicken pot pie

Scott
    $800 24
Victoria (or Queensland)

Scott
    $800 29
compressed air

Scott
    $800 9
Nassau

Bob
    $1000 15
(Jawaharlal) Nehru

Diane
    $1000 6
My Three Sons

Bob
    $1000 20
continental

Diane
    $1,200 25
(Scott: I'm sorry, I don't have it.)
(Alex: It was named for Abel Tasman, and it is [*]. [*].)

Tasmania

Scott
    $1000 30
resistance

Diane
    $1000 10
the Zulu

Bob

Scores at the first commercial break (after clue 15):

Diane Bob Scott
$3,800 $2,800 -$400

Scores at the end of the Jeopardy! Round:

Diane Bob Scott
$5,200 $2,200 $3,400

Double Jeopardy! Round responses

ASTRONOMY
BEFORE & AFTER AT THE MOVIES
I WAS HIS VEEP
(Alex: Vice president, of course.)
GOING HORSE
MAKE NO MYTHTAKE
FOREIGN WORDS & PHRASES
    $400 21
Sagittarius

Diane
    $400 3
There's Something About Mary Poppins

Scott
    $400 1
George Herbert Walker Bush

Bob
    $400 16
(one) horsepower

Bob
    $400 26
funerals

Diane
    $400 11
a haiku

Diane
    $800 22
Mercury

Bob
    $800 4
(Bob: What is... um...)

The Rocky Horror Picture Show Boat

BobScott
    $800 2
Richard Nixon

Scott
    $800 17
Horse Feathers

Scott
    $800 27
Venus

Bob
    $800 12
kindergarten

Scott
    $1200 23
(Scott: What is the [**]?)
[Initially ruled incorrect; reversed before the Daily Double at clue 28 because, according to Alex, NASA uses the two terms "interchangeably"]

the nucleus (or core)

DianeScott
    $1200 5
It's a Wonderful Life of Brian

Scott
    $1200 8
FDR

Bob
    $1200 18
Richard III

Diane
    $1,200 28
Poseidon

Bob
    $1200 13
harm

Scott
    $1600 24
(Diane: Who was Rene Descartes?)

Immanuel Kant

Diane
Triple Stumper
    $1600 6
Dirty Harry Potter and the Sorcerer's Stone

Diane
    $1600 9
Madison

Bob
    $1600 19
the horseshoe crab

Scott
    $1600 29
Thor

Bob
    $1600 14
salaam

Diane
    $2000 25
(Bob: Who was Kepler?)

(Tycho) Brahe

BobScott
    $2000 7
(Scott: What is Casper the Ghost Rider?)

Casper the Friendly Ghost Rider

Scott
Triple Stumper
    $2000 10
Andrew Jackson (or John Quincy Adams)

Bob
    $2,000 20
(Scott: Uh, no. Sorry.)

Whitehorse

Scott
    $2000 30
Bellerophon

Triple Stumper
    $2000 15
coup de grace

Scott

Scores at the end of the Double Jeopardy! Round:

Diane Bob Scott
$10,400 $9,400 $12,200

[wagering suggestions for these scores]

Final Jeopardy! Round responses

19th CENTURY AUTHORS
BobWho is Hugo?
$9,300
DianeWho was Victor Hugo?
$6,799
ScottWho is Dumas?
$8,601
Victor Hugo

Final scores:

Diane Bob Scott
$17,199 $18,700 $3,599
2nd place: $2,000 New champion: $18,700 3rd place: $1,000

Game dynamics:

Coryat scores:

Diane Bob Scott
$10,400 $9,400 $15,400
17 R,
4 W
14 R
(including 1 DD),
4 W
22 R,
4 W
(including 2 DDs)

Combined Coryat: $35,200

[game clues] [game scores] [suggest correction]

Game tape date: 2007-08-14
The J! Archive is created by fans, for fans. Scraping, republication, monetization, and malicious use prohibited; this site may use cookies and collect identifying information. See terms. The Jeopardy! game show and all elements thereof, including but not limited to copyright and trademark thereto, are the property of Jeopardy Productions, Inc. and are protected under law. This website is not affiliated with, sponsored by, or operated by Jeopardy Productions, Inc. Join the discussion at JBoard.tv.